| 000 | 00901pam a2200313 a 4500 | ||
|---|---|---|---|
| 999 |
_c2104 _d2104 |
||
| 001 | 013548050 | ||
| 003 | Uk | ||
| 005 | 20230308081724.0 | ||
| 008 | 060626s2006 enka j 000 1 eng | ||
| 015 |
_aGBA677306 _2bnb |
||
| 016 | 7 |
_a013548050 _2Uk |
|
| 020 | _a9781847150059 (pbk.) : | ||
| 040 |
_aStDuBDS _beng _cStDuBDS _dUk _dKH8 |
||
| 042 | _aukblsr | ||
| 082 | 0 | 4 |
_a823.914 MAC _222 |
| 100 | 1 |
_aMacDonald, Alan, _d1958- _eauthor |
|
| 245 | 1 | 0 |
_aFleas / _c[illustrated by] David Roberts ; written by Alan MacDonald. |
| 260 |
_aLondon : _bStripes, _c2006. |
||
| 300 |
_a95 p. : _bill. ; _c20 cm. |
||
| 336 |
_atext _2rdacontent |
||
| 337 |
_aunmediated _2rdamedia |
||
| 338 |
_avolume _2rdacarrier |
||
| 490 | 1 | _aDirty Bertie | |
| 500 |
_aFormerly CIP. _5Uk |
||
| 655 | 0 | _aChildren's stories. | |
| 700 | 1 |
_aRoberts, David, _d1970- _eillustrator |
|
| 830 | 0 | _aDirty Bertie. | |
| 942 |
_2ddc _cNFIC |
||